| 000 | 00958nam a2200277 i 4500 | ||
|---|---|---|---|
| 001 | bgj | ||
| 245 | 1 | 0 |
_aFriesische Studien II : _bBeiträge des Föhrer Symposiums zur Friesischen Philologie vom 7.-8. April 1994 / _chrsg. von Volkert F. Faltings, Alastair G. H. Walker und Ommo Wilts. |
| 246 | _aNorth-Western European Language Evolution. | ||
| 260 |
_aOdense : _bOdense University Press, _c1995. |
||
| 300 |
_aVI, 221 s. : _bwykr. ; _c22 cm, |
||
| 490 | 1 |
_aNorth-Western European Language Evolution _pSupplement _vvol. 12 |
|
| 504 | _aBibliogr. 216-220. | ||
| 650 | 9 | _aJęzykoznawstwo | |
| 700 | 1 | _aFALTINGS, Volkert F. | |
| 700 | 1 | _aWALKER, Alastair G. H. | |
| 700 | 1 | _aOmmo Wilts. | |
| 830 |
_aNorth-Western European Language Evolution _pSupplement |
||
| 020 | _a8778380596 | ||
| 040 | _cBPK | ||
| 041 | 0 | _ager | |
| 044 | _aDEU | ||
| 080 | _a81'1 | ||
| 920 | _a87-7838-059-6 | ||
| 942 | _cKS | ||
| 008 | s gw f |000 0 ger | ||
| 999 |
_c49560 _d49560 |
||